<?xml version="1.0" encoding="UTF-8"?>
<record
    xmlns:xsi="http://www.w3.org/2001/XMLSchema-instance"
    xsi:schemaLocation="http://www.loc.gov/MARC21/slim http://www.loc.gov/standards/marcxml/schema/MARC21slim.xsd"
    xmlns="http://www.loc.gov/MARC21/slim">

  <leader>00962nam a2200241Ia 4500</leader>
  <datafield tag="999" ind1=" " ind2=" ">
    <subfield code="c">65323</subfield>
    <subfield code="d">65323</subfield>
  </datafield>
  <controlfield tag="005">20240530110818.0</controlfield>
  <controlfield tag="008">140319s2004    au a   f b    000 0 ara d</controlfield>
  <datafield tag="017" ind1=" " ind2=" ">
    <subfield code="a">2004/311</subfield>
    <subfield code="b">&#x635;&#x646;&#x639;&#x627;&#x621;. &#x62F;&#x627;&#x631; &#x627;&#x644;&#x643;&#x62A;&#x628;</subfield>
  </datafield>
  <datafield tag="040" ind1=" " ind2=" ">
    <subfield code="a">GCL / </subfield>
    <subfield code="c">GCL</subfield>
  </datafield>
  <datafield tag="082" ind1="0" ind2="4">
    <subfield code="2">21</subfield>
    <subfield code="a">727 /</subfield>
    <subfield code="b">&#x627; &#x645;</subfield>
  </datafield>
  <datafield tag="100" ind1="0" ind2=" ">
    <subfield code="a">&#x627;&#x644;&#x627;&#x621; &#x627;&#x62D;&#x645;&#x62F; &#x645;&#x62D;&#x645;&#x62F; &#x627;&#x644;&#x627;&#x635;&#x628;&#x62D;&#x649; </subfield>
  </datafield>
  <datafield tag="245" ind1="1" ind2="2">
    <subfield code="a">&#x627;&#x644;&#x645;&#x62F;&#x631;&#x633;&#x629; &#x627;&#x644;&#x627;&#x634;&#x631;&#x641;&#x64A;&#x629; &#x628;&#x62A;&#x639;&#x632; :</subfield>
    <subfield code="b">&#x632;&#x645;&#x646; &#x627;&#x644;&#x62F;&#x648;&#x644;&#x629; &#x627;&#x644;&#x631;&#x633;&#x648;&#x644;&#x64A;&#x629; &#x641;&#x649; &#x627;&#x644;&#x64A;&#x645;&#x646; : &#x62F;&#x631;&#x627;&#x633;&#x629; &#x62A;&#x62D;&#x644;&#x64A;&#x644;&#x64A;&#x629; 626 - 858 &#x647;&#x640;  1228 - 1454 &#x645; /</subfield>
    <subfield code="c">&#x62A;&#x623;&#x644;&#x64A;&#x641; &#x627;&#x644;&#x627;&#x621; &#x627;&#x62D;&#x645;&#x62F; &#x645;&#x62D;&#x645;&#x62F; &#x627;&#x644;&#x627;&#x635;&#x628;&#x62D;&#x649; </subfield>
  </datafield>
  <datafield tag="250" ind1=" " ind2=" ">
    <subfield code="a">&#x637;.1</subfield>
  </datafield>
  <datafield tag="260" ind1=" " ind2=" ">
    <subfield code="a">&#x627;&#x644;&#x642;&#x627;&#x647;&#x631;&#x629; : </subfield>
    <subfield code="c">2004</subfield>
  </datafield>
  <datafield tag="300" ind1=" " ind2=" ">
    <subfield code="a">344 &#x635;. :</subfield>
    <subfield code="b">&#x627;&#x64A;&#x636;. &#x61B;</subfield>
    <subfield code="c">24 &#x633;&#x645;. </subfield>
  </datafield>
  <datafield tag="650" ind1="0" ind2="7">
    <subfield code="a">&#x627;&#x644;&#x641;&#x646; &#x627;&#x644;&#x627;&#x633;&#x644;&#x627;&#x645;&#x649; </subfield>
    <subfield code="2">qrmak</subfield>
  </datafield>
  <datafield tag="650" ind1="0" ind2="7">
    <subfield code="a">&#x627;&#x644;&#x639;&#x645;&#x627;&#x631;&#x629; &#x627;&#x644;&#x627;&#x633;&#x644;&#x627;&#x645;&#x64A;&#x629; </subfield>
    <subfield code="2">qrmak</subfield>
  </datafield>
  <datafield tag="650" ind1="0" ind2="7">
    <subfield code="a">&#x627;&#x644;&#x639;&#x645;&#x627;&#x631;&#x629; &#x627;&#x644;&#x64A;&#x645;&#x646;&#x64A;&#x629; </subfield>
  </datafield>
  <datafield tag="650" ind1="0" ind2="7">
    <subfield code="a">&#x627;&#x644;&#x641;&#x646; &#x627;&#x644;&#x62D;&#x62F;&#x64A;&#x62B; </subfield>
    <subfield code="2">qrmak</subfield>
  </datafield>
  <datafield tag="651" ind1="0" ind2="7">
    <subfield code="a">&#x62A;&#x639;&#x632;</subfield>
    <subfield code="2">qrmak</subfield>
  </datafield>
  <datafield tag="942" ind1=" " ind2=" ">
    <subfield code="2">ddc</subfield>
    <subfield code="c">BK</subfield>
  </datafield>
  <datafield tag="952" ind1=" " ind2=" ">
    <subfield code="0">0</subfield>
    <subfield code="1">0</subfield>
    <subfield code="4">0</subfield>
    <subfield code="7">0</subfield>
    <subfield code="a">CAI</subfield>
    <subfield code="b">CAI</subfield>
    <subfield code="c">ART-LIBRARY</subfield>
    <subfield code="d">2019-07-06</subfield>
    <subfield code="l">0</subfield>
    <subfield code="o">727 / &#x627; &#x645;</subfield>
    <subfield code="p">166040</subfield>
    <subfield code="r">2019-07-06 00:00:00</subfield>
    <subfield code="w">2019-07-06</subfield>
    <subfield code="y">BK</subfield>
  </datafield>
</record>
